UBT Library

DICTIONARY OF BIOLOGY (Record no. 59500)

000 -LEADER
fixed length control field 00338nam a22001457a 4500
008 - FIXED-LENGTH DATA ELEMENTS--GENERAL INFORMATION
fixed length control field 230404b ||||| |||| 00| 0 eng d
020 ## - INTERNATIONAL STANDARD BOOK NUMBER
International Standard Book Number 9781408234303
041 ## - LANGUAGE CODE
Language code of text/sound track or separate title eng
080 ## - UNIVERSAL DECIMAL CLASSIFICATION NUMBER
Edition identifier FIFTEENTH EDITION
Universal Decimal Classification number 573
082 ## - DEWEY DECIMAL CLASSIFICATION NUMBER
Classification number 573LAW
100 ## - Rafti
Rafti 16
101 ## - Shkurtesa
Shkurtesa BIOLOGJI
245 ## - TITLE STATEMENT
Title DICTIONARY OF BIOLOGY
Statement of responsibility, etc LAWRENCE.E
942 ## - ADDED ENTRY ELEMENTS (KOHA)
Source of classification or shelving scheme
Item type Books
Holdings
Withdrawn status Lost status Source of classification or shelving scheme Damaged status Not for loan Collection code Permanent location Current location Date acquired Total Checkouts Full call number Barcode Date last seen Price effective from Koha item type
          Koleksioni i përgjithshem UBT - Prishtine UBT - Prishtine 04/04/2023   573LAW 002-80004056 04/04/2023 04/04/2023 Books
          Koleksioni i përgjithshem UBT - Prishtine UBT - Prishtine 04/04/2023   573LAW 002-80004057 04/04/2023 04/04/2023 Books
UBT Library © 2015-2024. All rights reserved University Education for Business and Technology